Atlas podnebia Československej republiky
Gespeichert in:
| Format: | Buch |
|---|---|
| Sprache: | Tschechisch |
| Veröffentlicht: |
Praha
Ústredná správa geodézie a kartografie
1958
|
| Schlagworte: | |
| Tags: |
Keine Tags, Fügen Sie das erste Tag hinzu!
|
MARC
| LEADER | 00000nam a2200000 4500 | ||
|---|---|---|---|
| 001 | c130026 | ||
| 005 | 20240229124412.6 | ||
| 041 | 0 | |a cze | |
| 044 | |a CZ | ||
| 245 | 1 | 0 | |a Atlas podnebia Československej republiky |c [zodpovedný redaktor: Stanislav Syrový] |
| 264 | 1 | |a Praha |b Ústredná správa geodézie a kartografie |c 1958 | |
| 300 | |a [100] s. | ||
| 610 | 2 | 0 | |a podnebie |
| 610 | 2 | 0 | |a geografia |
| 610 | 2 | 0 | |a Československo |